| Tag |
First Indicator |
Second Indicator |
Subfields |
| LEADER |
00000cam a2200000 4500 |
| 001 |
in00000200000 |
| 005 |
20151009052625.0 |
| 008 |
731001s1967 enkab 00000 eng |
| 010 |
|
|
|a 67093169
|
| 015 |
|
|
|a B67-12085
|
| 035 |
|
|
|a (OCoLC)00956868
|
| 035 |
|
|
|9 AAW1379AM
|
| 040 |
|
|
|a DLC
|c DLC
|d TXA
|d UtOrBLW
|
| 043 |
|
|
|a e-uk-en
|
| 049 |
|
|
|a TXAM
|c 1 [430313]
|c 2 [430314]
|
| 050 |
0 |
0 |
|a NA9188.N4
|b B8
|
| 082 |
0 |
|
|a 711/.4/094282
|
| 100 |
1 |
|
|a Burns, Wilfred.
|
| 245 |
1 |
0 |
|a Newcastle :
|b a study in replanning at Newcastle upon Tyne.
|
| 264 |
|
1 |
|a London :
|b L. Hill,
|c 1967.
|
| 300 |
|
|
|a vii, 96 pages :
|b illustrations, maps, diagrams ;
|c 24 cm.
|
| 336 |
|
|
|a text
|b txt
|2 rdacontent
|
| 337 |
|
|
|a unmediated
|b n
|2 rdamedia
|
| 338 |
|
|
|a volume
|b nc
|2 rdacarrier
|
| 650 |
|
0 |
|a City planning
|z Newcastle-upon-Tyne.
|
| 999 |
|
|
|a MARS
|
| 999 |
f |
f |
|s 1c08012e-5629-3031-8734-3116ebed491a
|i 63db4c3f-321d-34b9-ad93-9af0f28f4cd8
|t 0
|
| 952 |
f |
f |
|p ric
|a Texas A&M University
|b Rellis Campus
|c Joint Library Facility
|d Remote Storage
|t 0
|e NA9188.N4 B8
|h Library of Congress classification
|i unmediated -- volume
|m A14803452724
|
| 952 |
f |
f |
|p storage
|a Texas A&M University
|b J.J. Pickle Campus
|c High Density Repository
|d Remote Storage
|t 0
|e NA9188.N4 B8
|h Library of Congress classification
|i unmediated -- volume
|m A14803452732
|
| 998 |
f |
f |
|a NA9188.N4 B8
|t 0
|l Remote Storage
|
| 998 |
f |
f |
|a NA9188.N4 B8
|t 0
|l Remote Storage
|